000 00567nam a2200217Ia 4500
003 OSt
005 20220928151657.0
006 a|||||r|||| 00| 0
007 ta
008 220927b |||||||| |||| 00| 0 eng d
024 _a130640
037 _cTextual
040 _aSDCL
_cSDCL
_beng
041 _2eng
_aeng
082 _aO-,1M090gL95, D4
100 _aVillard Leonie
_9518103
245 0 _aInfluence of Keats on Tennyson and Rossetti
260 _c1914
942 _hO-,1M090gL95, D4
_cTEXL
_2CC
999 _c852763
_d852763